| 000 | 00941nam a2200277Ia 4500 | ||
|---|---|---|---|
| 005 | 20210727153237.0 | ||
| 008 | 160315s2012 ck a g 000 0 spa | ||
| 020 | _a9788426114136 | ||
| 100 | 1 |
_aHergé, _d1907-1983 |
|
| 245 | 1 | 3 |
_aEl asunto tornasol _cHergé ; traducción de Concepción Zendrera |
| 250 | _a16a. edición | ||
| 300 |
_a62 páginas _bilustraciones en color _c30 cm |
||
| 490 | _aLas aventuras de tintín | ||
| 650 | 1 | 4 |
_2LEMB _aHistorietas infantiles belgas _ySiglo XX |
| 650 | 1 | 4 |
_2LEMB _aLiteratura infantil belga _ySiglo XX |
| 650 | 1 | 4 |
_2LEMB _aTiras cómicas, historietas, etc |
| 650 | 1 | 4 |
_2LEMB _aTiras cómicas belgas |
| 700 | 1 |
_aZendrera, Concepción _etraductor |
|
| 942 |
_2loc _cBKLIT |
||
| 264 |
_aBarcelona _bJuventud _c2012 |
||
| 336 |
_atexto _btxt _2rdacontent |
||
| 337 |
_asin mediación _bn _2rdamedia |
||
| 338 |
_avolumen _bnc _2rdacarrier |
||
| 040 |
_aCO-BoRNBP _bspa _erda _cCO-BoRNBP |
||
| 084 | _aH HER5 | ||
| 999 |
_c4722 _d4722 |
||